Patrolman tests in all States, all U.S. cities.

Bibliographic Details
Main Author: Murray, J. A. (Joseph A.)
Format: Book
Language:English
Published: New York : Arco Pub. Co., [1954]
Series:Arco civil service series.
Subjects:

MARC

Tag First Indicator Second Indicator Subfields
LEADER 00000cam a2200000 4500
001 in00000040701
005 20151007064626.0
008 751106s1954 nyua 00000 eng d
010 |a  54003416  
035 |a (OCoLC)01812029 
035 |9 AAE0257AM 
040 |a OCl  |c JPL  |d TXA  |d UtOrBLW 
049 |a TXAM  |v [245297] 
050 0 0 |a HV7923  |b .M83 
082 0 |a 351.3 
092 |a 351.3  |b M982p 
100 1 |a Murray, J. A.  |q (Joseph A.) 
245 1 0 |a Patrolman tests in all States, all U.S. cities. 
264 1 |a New York :  |b Arco Pub. Co.,  |c [1954] 
264 4 |c ©1954 
300 |a 1 volume :  |b illustrations ;  |c 27 cm. 
336 |a text  |b txt  |2 rdacontent 
337 |a unmediated  |b n  |2 rdamedia 
338 |a volume  |b nc  |2 rdacarrier 
490 1 |a Arco civil service series 
650 0 |a Police  |z United States  |v Examinations, questions, etc. 
830 0 |a Arco civil service series. 
999 |a MARS 
999 f f |s 4b8a0dc0-0d7e-3bc7-b098-9a83d3d8fbd9  |i 6556bef0-f3cd-309c-b303-5174269a4ccf  |t 0 
952 f f |p ric  |a Texas A&M University  |b Rellis Campus  |c Joint Library Facility  |d Remote Storage  |t 0  |e HV7923 .M83  |h Library of Congress classification  |i unmediated -- volume  |m A14800794266 
998 f f |a HV7923 .M83  |t 0  |l Remote Storage